000 01311nam0a22003371 4500
001 rc\3233008
005 20260405162813.0
021 _aRU
_b71-78181
021 _aRU
_bРг16910-72
035 _a(NLR Aleph) 007371329
090 _a6411232
_c6411232
100 _a20130115d1971 |||y0rusy50 ca
101 0 _arus
102 _aRU
105 _aa z |||||
200 1 _aЭкспериментальное исследование переноса тепла при кипении в условиях свободной конвекции
210 _aОбнинск
_cБ. и.
_d1971
215 _a31 с.
_cил.
_d29
225 1 _aФизико-энергетический институт. [Препринт]
_vФЭИ-266
300 _aПеред загл. авт.: В.И. Субботин, Д.Н. Сорокин, А.А. Цыганок, В.А. Гуляев
320 _aБиблиогр.: с. 24-25
701 1 _aСорокин
_bД.Н.
701 1 _aЦыганок
_bА.А.
701 1 _aГуляев
_bВ.А.
701 1 _8rus
_7ca
_aСубботин
_bВ. И.
_cд-р техн. наук
_f1919-2008
_gВалерий Иванович
_3RU\NLR\AUTH\7769045
_951973
801 0 _aRU
_bNLR
_gpsbo
801 1 _aRU
_bELAR
_2rusmarc
852 _aNLR
_j72-8/1908
942 _cBOOK
980 _aNB